María Mozzarello / (Registro nro. 9297)

Detalles MARC
000 -LIDER
fixed length control field 00958nam a2200337 a 4500
001 - NÚMERO DE CONTROL
Identificador de número de control 0017355
003 - IDENTIFICACDOR DE NÚMERO DE CONTROL
control field DO-SdBNP
005 - DATE AND TIME OF LATEST TRANSACTION
control field 20241015115028.0
007 - CAMPOS FIJOS DE DESCRIPCIÓN FÍSICA
fixed length control field 0017355
008 - ELEMENTOS DE LONGITUD FIJA
fixed length control field 100323s 2002 sp a 000 spa
020 ## - ISBN
International Standard Book Number 2746808145
040 ## - FUENTE DE CATALOGACIÓN
Agencia que crea de manera original el registro BPMSM
Idioma de catalogación spa
Agencia que realiza la transcripción BPMSU
049 ## - LOCAL HOLDINGS (OCLC)
Holding library
082 #4 - NÚMERO DE CLASIFICACIÓN DECIMAL DE DEWEY
Classification number 922.2
Item number M477m 2002
Edition number 22
092 ## - LOCALLY ASSIGNED DEWEY DECIMAL CALL NUMBER
Número de clasificación
100 1# - ASIENTO PRINCIPAL -- NOMBRE PERSONAL
Nombre personal Fino, Catherine
Fechas asociadas con el nombre
245 10 - MENCIÓN DE TITULO
Título María Mozzarello /
Mención de responsabilidad Catherine Fino ; dibujos de Dominique Bach
246 14 - VARIACION DEL TÍTULO
Título propiamente dicho o título corto Por los caminos del evangelio
250 ## - MENCIÓN DE EDICION
Mención de edición
260 ## - PUBLICACIÓN, DISTRIBUCIÓN, ETC. (PIE DE IMPRENTA)
Lugar de publicación, distribución, etc Madrid :
Nombre del editor, distribuidor, etc. Du Signe,
Fecha de publicación, distribución, etc 2002
300 ## - DESCRIPCIÓN FÍSICA
Extensión 69 p. :
Otros detalles físicos il. ;
Dimensiones 21 cm.
490 0# - MENCIÓN DE SERIES
Mención de serie Por los caminos del evangelio
500 ## - NOTA GENERAL
Nota general
590 ## - NOTA LOCAL
Texto de la nota local Inventariado, 2024/VM
600 14 - ENCABEZAMIENTO DE MATERIA--NOMBRE PERSONAL
Nombre personal Mazarrello, María Domenica,
Títulos u otras palabras asociadas con el nombre Beata,
Fechas asociadas con el nombre 1837-1881
650 #4 - ENCABEZAMIENTO DE MATERIA--TEMÁTICO
Término temático o nombre geográfico como elemento de entrada Vida religiosa de mujeres.
650 #4 - ENCABEZAMIENTO DE MATERIA--TEMÁTICO
Término temático o nombre geográfico como elemento de entrada Vida cotidiana
700 1# - ASIENTO SECUNDARIO -- NOMBRE PERSONAL
Nombre personal Bach, Dominique,
Mención de responsabilidad ilustración
910 ## - VALIDACIÓN
Validación VMateo V. Control de calidad. BPMSU
942 ## - ADDED ENTRY ELEMENTS (KOHA)
Source of classification or shelving scheme Dewey Decimal Classification
Koha item type Libros
Existencias
Withdrawn status Lost status Source of classification or shelving scheme Damaged status Not for loan Collection code Home library Current library Date acquired Source of acquisition Total Checkouts Full call number Barcode Date last seen Price effective from Koha item type Copy number
    Dewey Decimal Classification     Colección Infantil General Biblioteca Pública Metropolitana Salomé Ureña Biblioteca Pública Metropolitana Salomé Ureña 03/17/2016 Fundación Educativa y Cultural (FUNDI)   BPMSU CJG 922.2 M477m 2002 BPMSU16030172 03/17/2016 03/17/2016 Libros  
    Dewey Decimal Classification     Colección Juvenil General Biblioteca Pública Metropolitana Salomé Ureña Biblioteca Pública Metropolitana Salomé Ureña 03/21/2016 Fundación Educativa y Cultural (FUNDI)   BPMSU CJG 922.2 M477m 2002 BPMSU16030235 03/21/2016 03/21/2016 Libros e.2
    Dewey Decimal Classification     Colección Juvenil General Biblioteca Pública Metropolitana Salomé Ureña Biblioteca Pública Metropolitana Salomé Ureña 03/21/2016 Fundación Educativa y Cultural (FUNDI)   BPMSU CJG 922.2 M477m 2002 BPMSU16030236 03/21/2016 03/21/2016 Libros e.3